| 000 | 00678nam a2200229Ia 4500 | ||
|---|---|---|---|
| 003 | OSt | ||
| 005 | 20220925215348.0 | ||
| 006 | a|||||r|||| 00| 0 | ||
| 007 | ta | ||
| 008 | 220923b |||||||| |||| 00| 0 eng d | ||
| 037 | _cGeneral Book | ||
| 040 |
_aRTL _cRTL _beng |
||
| 041 |
_2eng _aeng |
||
| 082 | _aU212.3.N60t N59r, K2 | ||
| 110 |
_aBRITISH VIRGIN ISLANDS _9282657 |
||
| 245 | 0 | _aReport for the year 1959 and 1960 | |
| 260 |
_aLondon _bHerMajesty's stationary office _c1962 |
||
| 300 |
_a61p.,Appen: 51to59 _ccm. |
||
| 700 |
_aBRITISH VIRGIN ISLANDS _9282658 |
||
| 942 |
_hU212.3.N60t N59r, K2 _cGB _2CC |
||
| 999 |
_c568602 _d568602 |
||